000 00668nam a22002177a 4500
003 UA-OsUOA
001 50186
007 ta
008 20071101b un ||||| |||| 00| 0 ukr d
090 _a94(477.63):008
_bІ-90
942 _cBK
040 _aUA-OsUOA
_bukr
_cUA-OsUOA
_dUA-OsUOA
245 _aІсторія і культуура Придніпров'я: невідомі та маловідомі сторінки
300 _a199 с.
955 _a1
041 _aukr
080 _a94(477.63):008
260 _aДніпропетровськ
_bНГУ
_c2007
650 7 _a9 Географія. Біографії. Історія
_2UDC
999 _c336286
_d336286